000 00519nam a22001817a 4500
003 NUST - PNEC
005 20170116181153.0
008 160105b xxu||||| |||| 00| 0 eng d
020 _a0471422096
040 _cLIBRARY
082 _a690 HUN
100 _915694
_aHuntington, Whitney Clark
245 _aBuilding construction : materials and types of construction
_cWhitney Clark Huntington
250 _aThird Edition
260 _cc.1963
650 _915695
_aBuilding Construction
_xGeneral
942 _2ddc
_cBK
999 _c71087
_d71087